| 000 | 01133cam a22003253a 4500 | ||
|---|---|---|---|
| 001 | 1218 | ||
| 005 | 20231124091246.0 | ||
| 020 | _a078073003990 | ||
| 040 |
_aJED _cJED _dEOW _dTQG _dBAKER _dJP3 _dBTCTA _dFN2 _dOCLCQ _dXY4 _dDLC _beng |
||
| 050 | 0 | 0 | _aPZ7.M3567585 |
| 082 | _a548 | ||
| 100 | 1 |
_aMartin, Ann M. _d1955- |
|
| 245 | 1 | 0 |
_aSecond grade baby / _cAnn M. Martin ; illustrations by Charles Tang. |
| 246 | 3 | _a2nd grade baby | |
| 260 |
_aNew York : _bScholastic, _c1996 |
||
| 300 |
_a82 pages : _bIllustrations ; _c20 cm |
||
| 490 | 0 | _aLittle apple fiction | |
| 490 | 0 |
_aKids in Ms. Colman's class ; _vBook 4 |
|
| 500 | _a"A Little Apple paperback." | ||
| 505 | _aO | ||
| 520 | _aNatalie loves school except when the other kids tease her and call her a baby, but the teasing stops when she does something important in class. | ||
| 521 | 0 |
_a600
_bLexile |
|
| 521 | 1 |
_aO
_bRaz-Plus |
|
| 650 | 0 |
_aSchools _vFiction. |
|
| 650 | 0 |
_aTeddy bears _vFiction. |
|
| 655 | 7 |
_aChildren's stories. _2lcsh |
|
| 700 | 1 |
_aTang, Charles _eillustrator |
|
| 906 |
_a7 _bcbc _ccopycat _d2 _encip _f20 _gy-genrareb |
||
| 942 |
_2ddc _cBK _n0 |
||
| 999 |
_c1218 _d1218 |
||